Prepojenie univerzít s hospodárskou praxou nástrojmi marketingového manažmentu

Marketingový manažment ako nástroj na vytvorenie spolupráce medzi fakultami s ekonomickým a manažérskym zameraním a hospodárskou praxou a rozšírenie inovačného potenciálu podnikov.

Salvato in:
Dettagli Bibliografici
Autore principale: Čimo, Jozef
Natura: Capitolo di libro
Lingua:slovacco
Soggetti:
Tags: Aggiungi Tag
Nessun Tag, puoi essere il primo ad aggiungerne!!

MARC

LEADER 00000naa a2200000 4500
001 0211999
005 20240502073533.1
041 0 |a slo 
044 |a SK 
245 1 0 |a Prepojenie univerzít s hospodárskou praxou nástrojmi marketingového manažmentu  |c Jozef Čimo 
520 |a Marketingový manažment ako nástroj na vytvorenie spolupráce medzi fakultami s ekonomickým a manažérskym zameraním a hospodárskou praxou a rozšírenie inovačného potenciálu podnikov. 
610 2 0 |a marketing manažment 
610 2 0 |a prax odborná 
610 2 0 |a univerzity 
610 2 0 |a inovácia 
100 1 |a Čimo, Jozef